Cien aspectos de la luna : (Record no. 10846)

MARC details
000 -CABECERA
campo de control de longitud fija 01612nam a22002777a 4500
001 - NÚMERO DE CONTROL
campo de control BRCA_9227
003 - IDENTIFICADOR DEL NÚMERO DE CONTROL
campo de control FranzMayer
005 - FECHA Y HORA DE LA ÚLTIMA TRANSACCIÓN
campo de control 20220921134105.0
008 - DATOS DE LONGITUD FIJA--INFORMACIÓN GENERAL
campo de control de longitud fija 220912b |||||||| |||| 00| 0 eng d
020 ## - NÚMERO INTERNACIONAL ESTÁNDAR DEL LIBRO
Número Internacional Estándar del Libro 9788412009781
040 ## - FUENTE DE LA CATALOGACIÓN
Lengua de catalogación spa
Centro/agencia transcriptor MFM
041 ## - CÓDIGO DE LENGUA
Código de lengua del texto/banda sonora o título independiente spa
050 ## - SIGNATURA TOPOGRÁFICA DE LA BIBLIOTECA DEL CONGRESO
Número de clasificación NE1325. Y67
Número de documento/Ítem C54 2019
245 ## - MENCIÓN DE TÍTULO
Título Cien aspectos de la luna :
Resto del título Tsukioka Yoshitoshi /
Mención de responsabilidad, etc. ed. V. David Almazán Tomás
250 ## - MENCIÓN DE EDICIÓN
Mención de edición 2da. ed.
Resto de la mención de edición 1ra. reimpresión
260 ## - PUBLICACIÓN, DISTRIBUCIÓN, ETC.
Lugar de publicación, distribución, etc. España :
Nombre del editor, distribuidor, etc. Sans Soleil,
Fecha de publicación, distribución, etc. 2019
300 ## - DESCRIPCIÓN FÍSICA
Extensión 229 p. :
Otras características físicas il. ;
Dimensiones 15 x 21 cm.
490 ## - MENCIÓN DE SERIE
Mención de serie Japón
500 ## - NOTA GENERAL
Nota general Ubicación: L60-N1
500 ## - NOTA GENERAL
Nota general Notas: pp. 227-229
520 ## - SUMARIO, ETC.
Sumario, etc. La cuidada edición que ofrece V. David Almazán Tomás, plagada de referencias y explicaciones que nos acercan al universo creativo de Yoshitoshi y al folklore nipón desde sus remotos inicios, se convierte de este modo en una completa enciclopedia visual de la historia de Japón por la que veremos desfilar poesía y teatro, bellas geishas y fieros samuráis, misteriosos fantasmas y tradiciones ancestrales, cortesanos versados en el uso de la espada y la palabra, e historias que nos hablan de amor y guerra. La serie logra así compendiar buena parte de los episodios históricos más relevantes y de las leyendas más recordadas del antiguo Japón en los que la luna siempre fue su silenciosa protagonista. - Proporcionado por la editorial.
600 ## - PUNTO DE ACCESO ADICIONAL DE MATERIA--NOMBRE DE PERSONA
Nombre de persona Taiso, Yoshitoshi,‏
Fechas asociadas al nombre 1839-1892
Subdivisión de forma Catálogo
Subdivisión general Arte
Subdivisión geográfica Japón
9 (RLIN) 28546
650 ## - PUNTO DE ACCESO ADICIONAL DE MATERIA--TÉRMINO DE MATERIA
Término de materia o nombre geográfico como elemento de entrada Ukiyoe
Subdivisión general Arte
-- Grabado
Subdivisión geográfica Japón
9 (RLIN) 28547
942 ## - ELEMENTOS DE PUNTO DE ACCESO ADICIONAL (KOHA)
Fuente del sistema de clasificación o colocación Library of Congress Classification
Tipo de ítem Koha Libros
Holdings
Estado de retiro Estado de pérdida Fuente del sistema de clasificación o colocación Estado dañado No para préstamo Localización permanente Ubicación/localización actual Fecha de adquisición Signatura topográfica completa Código de barras Fecha visto por última vez Precio válido a partir de Tipo de ítem Koha
El ejemplar forma parte de la colección y puede ser consultado según las políticas vigentes.   Library of Congress Classification     Biblioteca del Museo Franz Mayer (Rogerio Casas-Alatriste) Biblioteca del Museo Franz Mayer (Rogerio Casas-Alatriste) 12/09/2022 NE1325. Y67 C54 2019 CONT10015 12/09/2022 12/09/2022 Libros